Star Wars: The Ultimate Planet Quiz - Statistics

General Stats
  • This quiz has been taken 171 times
    129 since last reset
  • The average score is 37 of 105
Answer Stats
Picture Hint Answer % Correct
C'mon... Tatooine
94%
Return of the Jedi Endor
88%
AT-AT Hoth
86%
Padme Amidala Naboo
86%
Senate Coruscant
82%
Revenge of the Sith Mustafar
82%
Yoda Dagobah
80%
Clones Kamino
80%
Bail Organa Alderaan
79%
Rey Skywalker Jakku
78%
Revenge of the Sith Kashyyyk
78%
Mother Talzin Dathomir
75%
The Mandalorian Mandalore
75%
Cloud City Bespin
74%
Revenge of the Sith Felucia
69%
Rogue One Jedha
69%
Attack of the Clones Geonosis
68%
Rogue One Scarif
68%
Palpatine Exegol
67%
Rebel Alliance Yavin 4
66%
The Last Jedi Crait
60%
Luke Skywalker Ahch-To
59%
Maz Kanata Takodana
58%
General Grievous Utapau
58%
Chewbacca and Han Solo Kessel
56%
Han Solo Corellia
54%
Rebels Lothal
54%
Clone Wars Battleground Mon Cala
53%
Kyber Illum
52%
Pong Krell Umbara
51%
Clone Wars Christophsis
46%
Rebel Base Dantooine
46%
Jabba Nal Hutta
45%
Greedo Rodia
45%
Rose Tico Cantonica
40%
Resistance Base D'Qar
39%
Jalen Erso Eadu
39%
Birth of Luke and Leia Polis Massa
39%
Andor Ghorman
38%
Mon Mothma Chandrila
36%
Home of Watto Toydaria
36%
The Force Awakens Hosnian Prime
35%
Saw Gerrera Onderon
34%
Count Dooku Serenno
34%
Andor Aldhani
33%
Andor Ferrix
33%
The Rise of Skywalker Kijimi
33%
Ki-Adi Mundi Mygeeto
33%
Clone Wars: End of Season 1 Ryloth
33%
Sebulba Malastare
32%
Andor Narkina 5
32%
Force-Wielders Mortis
31%
Hondo Ohnaka Florrum
29%
The Mandalorian Nevarro
29%
Slave Trade Zygerria
29%
Revenge of the Sith Cato Neimoidia
28%
The Force Awakens Pasaana
28%
Home of the Sith Moraband
26%
Stass Allie Saleucami
26%
Sith Temple Malachor
25%
Andor Niamos
25%
Rotta the Hutt Teth
25%
Solo Vandor
24%
Bendu Atollon
22%
Andor Mina-Rau
22%
501st Legion Rishi
22%
Rogue One Wobani
22%
Rebels Concord Dawn
21%
Bad Batch Pabu
21%
Mount Tantiss Wayland
21%
Admiral Trench Anaxes
19%
Cad Bane Duro
19%
The Rise of Skywalker Kef Bir
19%
Galen Erso Lah'mu
19%
Solo Mimban
19%
Ahsoka Tano Shili
19%
Darth Maul Lotho Minor
18%
Han Solo Savareen
18%
Skeleton Crew At Attin
16%
Obi-Wan Kenobi Jabiim
13%
Luke Skywalker Ossus
13%
Obi-Wan Kenobi Daiyu
12%
Ahsoka Seatos
12%
The Mandalorian Sorgan
12%
Clone Wars Battleground Agamar
11%
Clone Wars Battle Devaron
11%
Clone Wars Battleground Maridun
11%
Riyo Chuchi Oba Diah
11%
Andor Mapuzo
9%
Han Solo Numidian Prime
9%
Clone Wars Battleground Rugosa
9%
Moon of Trandosha Wasskah
9%
Plo Koon / Ahsoka Tano Aleen
8%
Bad Batch Barton IV
8%
Resistance Castilon
8%
Sifo-Dyas Iego
8%
Skeleton Crew At Achrann
7%
Cad Bane Bora Vio
7%
The Acolyte Brendok
7%
Echo Shako Minor
6%
Skeleton Crew Observatory Moon
5%
The Acolyte Khofar
4%
Jedi Temple Olega
4%
The Acolyte Ueda
4%
Plo Koon Balnab
1%
No matching quizzes found
Score Distribution
Percent of People with Each Score
Percentile by Number Answered
Your Score History
You have not taken this quiz since the last reset